Globálna kríza a jej prejavy

Príspevok sa zaoberá globálnou ekonomickou krízou a jej prejavmi v eurozóne. V prvej časti príspevku sa analyzuje globálna kríza z rôznych teoretických pohľadov, druhá časť sa zaoberá hlavnými príčinami vzniku krízy v eurozóne, predmetom tretej časti je kríza zamestnanosti. Záverom autor poukazuje n...

Ausführliche Beschreibung

Gespeichert in:
Bibliographische Detailangaben
1. Verfasser: Leško, Peter, 1989-
Format: Buchkapitel
Sprache:Slowakisch
Schlagworte:
Tags: Tag hinzufügen
Keine Tags, Fügen Sie das erste Tag hinzu!

MARC

LEADER 00000nla a2200000 4500
001 0181177
005 20240502073115.0
041 0 |a slo 
044 |a SK 
245 1 0 |a Globálna kríza a jej prejavy  |c Peter Leško 
520 |a Príspevok sa zaoberá globálnou ekonomickou krízou a jej prejavmi v eurozóne. V prvej časti príspevku sa analyzuje globálna kríza z rôznych teoretických pohľadov, druhá časť sa zaoberá hlavnými príčinami vzniku krízy v eurozóne, predmetom tretej časti je kríza zamestnanosti. Záverom autor poukazuje na silnú väzbu hospodárskeho rastu a zamestnanosti (nezamestnanosti). 
610 2 0 |a kríza hospodárska 
610 2 0 |a eurozóna 
610 2 0 |a rast hospodársky 
610 2 0 |a zamestnanosť 
100 1 |a Leško, Peter, 1989-